Central Library OPAC University of Rajshahi

Australian nature studies : (Record no. 75018)

MARC details
000 -LEADER
fixed length control field 00862nam a22002652 4500
001 - CONTROL NUMBER
control field 75018
003 - CONTROL NUMBER IDENTIFIER
rucl marc code BD-RjUL
005 - DATE AND TIME OF LATEST TRANSACTION
control field 20211209082632.0
008 - FIXED-LENGTH DATA ELEMENTS--GENERAL INFORMATION
fixed length control field 940518s1952 at a 000 0 eng d
035 ## - SYSTEM CONTROL NUMBER
System control number OCLC ocm30456269 from D970926M
040 ## - CATALOGING SOURCE
Original cataloging agency LHL
Transcribing agency LHL
Modifying agency EQO
Language of cataloging eng
041 ## - LANGUAGE CODE
Language code of text/sound track or separate title eng
082 ## - DEWEY DECIMAL CLASSIFICATION NUMBER
Edition number 23
Classification number 508.072
Author mark and year LEA 1956
090 ## - LOCALLY ASSIGNED LC-TYPE CALL NUMBER (OCLC); LOCAL CALL NUMBER (OCLC)
Classification number (OCLC) (R) ; Classification number, CALL (RLIN) (NR) QH45
Local cutter number (OCLC) ; Book number/undivided call number, CALL (RLIN) .L4
100 1# - MAIN ENTRY--PERSONAL NAME
Personal name Leach, John Albert,
Dates associated with a name 1870-1929.
9 (RLIN) 226822
245 10 - TITLE STATEMENT
Title Australian nature studies :
Remainder of title a book of reference for those interested in nature-study /
Statement of responsibility, etc. by J. A. Leach.
250 ## - EDITION STATEMENT
Edition statement 3rd edition revised by E. Byrne.
260 ## - PUBLICATION, DISTRIBUTION, ETC. (IMPRINT)
Place of publication, distribution, etc. Melbourne :
Name of publisher, distributor, etc. Macmillan,
Date of publication, distribution, etc. 1952.[1956]
300 ## - PHYSICAL DESCRIPTION
Pagination 516 p. :
Illustrations ill. ;
Size 22 cm.
650 #0 - SUBJECT ADDED ENTRY--TOPICAL TERM
Topical term or geographic name as entry element Nature study.
9 (RLIN) 226823
Topical term or geographic name as entry element Natural history
Geographic subdivision Australia.
9 (RLIN) 226824
942 ## - ADDED ENTRY ELEMENTS (KOHA)
Source of classification or shelving scheme Dewey Decimal Classification
Koha item type Books
Holdings
Lost status Source of classification or shelving scheme Damaged status Not for loan Collection code Permanent Location Current Location Shelving location Date acquired Total Checkouts Full call number Date last seen Copy number Koha item type
  Dewey Decimal Classification   Not For Loan Non-fiction Central Library, University of Rajshahi Central Library, University of Rajshahi Reading Room 10/01/2019   508.072 LEA 1956 10/01/2019 C-1 Books